| 000 | 00360nam a22001577a 4500 | ||
|---|---|---|---|
| 003 | CEME | ||
| 005 | 20210628202059.0 | ||
| 008 | 210420b xxu||||| |||| 00| 0 eng d | ||
| 040 | _c. | ||
| 082 | _a671.823 BRU'S | ||
| 100 |
_aBruce, Leroy F _958189 |
||
| 245 | _aSheet metal shop practice | ||
| 260 |
_a1959 _bATS _cUSA |
||
| 300 | _a265P | ||
| 942 |
_cBK _2ddc |
||
| 999 |
_c568394 _d568394 |
||